Leer a comenio (Registro nro. 3771)
[ vista simple ]
| 000 -LEADER | |
|---|---|
| fixed length control field | 01475 a2200229 4500 |
| 001 - CONTROL NUMBER | |
| control field | 44005 |
| 005 - DATE AND TIME OF LATEST TRANSACTION | |
| control field | 20260407155720.0 |
| 008 - FIXED-LENGTH DATA ELEMENTS--GENERAL INFORMATION | |
| fixed length control field | 260407a2016 arg spa d |
| 003 - CONTROL NUMBER IDENTIFIER | |
| control field | AR-UNSa-BCEJYS |
| 040 ## - CATALOGING SOURCE | |
| Original cataloging agency | AR-UNSa-BCEJYS |
| Language of cataloging | spa |
| Transcribing agency | AR-UNSa-BCEJYS |
| 080 ## - UNIVERSAL DECIMAL CLASSIFICATION NUMBER | |
| Universal Decimal Classification number | 37.02 |
| Common auxiliary subdivision | Cuestiones generales de didáctica y metodología |
| 020 ## - INTERNATIONAL STANDARD BOOK NUMBER | |
| International Standard Book Number | 978-950-12-9388-3 |
| 041 ## - LANGUAGE CODE | |
| Language code of text/sound track or separate title | spa |
| 100 1# - MAIN ENTRY--PERSONAL NAME | |
| Personal name | Camilloni, Alicia R.W. de |
| 245 10 - TITLE STATEMENT | |
| Title | Leer a comenio |
| Name of part/section of a work | su tiempo y su didáctica |
| 264 #1 - PRODUCTION, PUBLICATION, DISTRIBUTION, MANUFACTURE, AND COPYRIGHT NOTICE | |
| Place of production, publication, distribution, manufacture | Buenos Aires : |
| Name of producer, publisher, distributor, manufacturer | Paidós |
| Date of production, publication, distribution, manufacture, or copyright notice | 2016 |
| 300 ## - PHYSICAL DESCRIPTION | |
| Extent | 134 p. |
| Dimensions | 22 cm. |
| 505 ## - FORMATTED CONTENTS NOTE | |
| Formatted contents note | 1. El tiempo y su obra - 2.Su tiempor: la cultura europea en los siglos XVI y XVII - 3. El mundo cultural de Comenio - 4. La agitada y dramática vida de Comenio - 5. La Didáctica Magna - 6. Las citas en el texto de Comenio - 7. ¿ Dónde se encuentra la sabiduría? - 8. Las metáforas en el texto de Comenio - 9. Las ideas sobre la educación en la Didáctica Magna - 10. Las ideas sobre la disciplina escolar en la Didáctica Magna - 11. Las ideas sobre el método en la Didáctica Magna - 12. Las ideas sobre las clases de escuela en la Didáctica Magna - 13. Sobre las condiciones para comenzar la práctica del método universal - 14. El "giro comeniano" - 14. Cronología de la vida de comenio - 15. Las traducciones de la Didáctica Magna |
| 590 ## - LOCAL NOTE (RLIN) | |
| Local note | niveau_biblio:m niveau_hierar:0 |
| 856 41 - ELECTRONIC LOCATION AND ACCESS | |
| Uniform Resource Identifier | <a href="https://biblioeco.unsa.edu.ar/pmb/images/libros/L126847.jpg">https://biblioeco.unsa.edu.ar/pmb/images/libros/L126847.jpg</a> |
| Link text | Imagen de portada |
| Electronic format type | image/jpeg |
| 942 ## - ADDED ENTRY ELEMENTS (KOHA) | |
| Koha item type | |
| Withdrawn status | Lost status | Damaged status | Not for loan | Home library | Current library | Shelving location | Date acquired | Total checkouts | Full call number | Barcode | Date last seen | Price effective from | Koha item type |
|---|---|---|---|---|---|---|---|---|---|---|---|---|---|
| Biblioteca Prof. Eusebio Cleto del Rey | Biblioteca Prof. Eusebio Cleto del Rey | 07/04/2026 | P37.02 C183 | L126846 | 07/04/2026 | 07/04/2026 | Libro | ||||||
| Biblioteca Prof. Eusebio Cleto del Rey | Biblioteca Prof. Eusebio Cleto del Rey | 07/04/2026 | P37.02 C183 | L126847 | 07/04/2026 | 07/04/2026 | Libro |